| 000 | 00413nam a2200157Ia 4500 | ||
|---|---|---|---|
| 003 | Ost | ||
| 005 | 20260225132559.0 | ||
| 008 | 260225s9999||||xx |||||||||||||| ||und|| | ||
| 040 | _cfsic | ||
| 041 | _afre | ||
| 082 | _a302.23 | ||
| 100 |
_a CONSEIL ISLAMIQUE _eAuteur |
||
| 245 | 0 | _aCONDITION POUR UN DIALOGUE FECOND ENTRE LES CULTURES ET LES CIVILISATION / | |
| 245 | 0 | _c CONSEIL ISLAMIQUE | |
| 942 | _cكتاب | ||
| 999 |
_c34667 _d34667 |
||